| 000 | 00808cam a2200277 a 4500 | ||
|---|---|---|---|
| 001 | 15326944 | ||
| 003 | OSt | ||
| 005 | 20140310182110.0 | ||
| 008 | 080612s2008 enk b 000 0 eng | ||
| 010 | _a 2008273823 | ||
| 020 | _a0192839519 | ||
| 040 |
_aDLC _cDLC |
||
| 041 | 1 |
_aeng _hita |
|
| 050 | 0 | 0 |
_aPQ 4496 _b.P493 1999 |
| 082 |
_aHS 809.1 _bM97 1985 |
||
| 240 | 1 | 0 |
_aSelections. _lEnglish. _f1985 |
| 245 | 1 | 0 | _aPetrarch Selections from the Canzoniere and other works / |
| 260 |
_aNew York : _bOxford University Press, _cc1999. |
||
| 300 |
_a85 p. : _c20 cm. |
||
| 490 | 0 | _aOxford world's classics | |
| 700 | 1 |
_aMusa, Mark. _913400 |
|
| 906 |
_a7 _bcbc _corigcop _d2 _encip _f20 _gy-gencatlg |
||
| 942 |
_2lcc _cHS |
||
| 999 |
_c9375 _d9375 |
||